000
00300nam a2200121Ia 4500
008
210430s9999 xx 000 0 und d
082
_a
301 H254 S
100
_a
Themes
245
_a
Sociology
_c
Themes
260
_a
ISLAMABAD
_b
National Book foundation
_c
2000
300
_a
1116p
942
_c
BK
_2
ddc
999
_c
563326
_d
563326